000 00319nam a2200133Ia 4500
005 20260328101510.0
008 260328s9999||||xx |||||||||||||| ||und||
100 _aLe Corbusier
245 0 _aSur les 4 routes /
_cLe Corbusier
260 _bDonoel / Gonthier
300 _a285 p.
650 _aCorbusier, Le
942 _cBK
999 _c9180
_d9180